عرض عادي
عرض مارك
- Fischer-Tropsch process.
مدخل مصطلح موضوعي
001 - رقم الضبط
- حقل الضبط: 11915
003 - معرف رقم الضبط
- حقل الضبط: OSt
005 - تاريخ ووقت أخر عملية
- حقل الضبط: 20120423214409.0
008 - عناصر بيانات ثابتة الطول
- حقل تحكم ثابت الطول: 120423|||a|||||| | ||| d
040 ## - مصدر الفهرسة
- هيئة الفهرسة الأصلية: OSt
- وكالة الكتابة: OSt
150 ## - مدخل-- مصطلح تاريخي
- عنصر مدخل المصطلح الموضوعي او الاسم الجغرافي: Fischer-Tropsch process.
670 ## - بيانات المصدر موجوده
- الاستشهاد بالمصدر: Work cat.: (OSt)23800: Klerk, Arno de. 11914, Catalysis in the refining of Fischer-Tropsch syncrude /, c2010.
